Biggest U.S. Cities during the Era of Good Feelings on a Map - Statistics

General Stats
  • This quiz has been taken 445 times
  • The average score is 25 of 50
Answers on the Map
Answers color-coded by a green-red scale on the quiz's map according to % correct below.
 
Answer Stats
Population State City % Correct
123,706 NY New York City
99%
63,802 PA Philadelphia
98%
62,738 MD Baltimore
97%
43,298 MA Boston
97%
27,176 LA New Orleans
96%
13,247 DC Washington
95%
7,248 PA Pittsburgh
93%
12,630 NY Albany
92%
24,780 SC Charleston
91%
9,642 OH Cincinnati
88%
11,767 RI Providence
88%
12,067 VA Richmond
88%
7,523 GA Savannah
88%
4,598 MO St. Louis
86%
4,726 CT Hartford
83%
6,507 NJ Newark
81%
8,581 ME Portland
74%
7,147 CT New Haven
73%
8,478 VA Norfolk
73%
5,279 KY Lexington
72%
7,175 NY Brooklyn
65%
8,218 DC Alexandria
60%
7,266 MA Nantucket
59%
5,268 DE Wilmington
59%
11,346 MA Salem
58%
7,319 RI Newport
56%
7,327 NH Portsmouth
43%
6,633 PA Lancaster
42%
19,678 PA Northern Liberties
36%
6,690 VA Petersburg
32%
5,264 NY Troy
32%
7,360 DC Georgetown
27%
6,384 MA Gloucester
26%
14,713 PA Southwark
21%
6,852 MA Newburyport
18%
6,591 MA Charlestown
17%
5,310 NY Hudson
17%
5,630 MA Marblehead
17%
4,520 MA Taunton
17%
7,118 PA Kensington
14%
4,664 CT Groton
11%
4,687 MA Middleborough
10%
4,369 NJ Middletown
10%
5,670 MA Bridgewater
9%
4,610 CT Litchfield
8%
5,147 NJ Freehold
6%
4,678 RI Smithfield
6%
4,541 NJ Upper Freehold
6%
4,833 NJ Northampton
5%
6,749 NJ Amwell
3%
No matching quizzes found
Score Distribution
Percent of People with Each Score
Percentile by Number Answered
Your Score History
You have not taken this quiz